000
00237nam a2200097Ia 4500
001
905852
005
20250826185000.0
008
250824s9999 xx 000 0 und d
245
0
_a
AY TERAPİSİ
_c
MUSTAFA ULUSOY
260
_b
DESTEK YAYINLARI
999
_c
905852
_d
905852